000 00804nam a22002657a 4500
001 28153
003 UA-OsUOA
005 20200924162150.0
007 ta
008 20040928b un ||||| |||| 00| 0 ukr d
020 _a5735701975
040 _aUA-OsUOA
_brus
_cUA-OsUOA
_dUA-OsUOA
041 _arus
044 _aRU
080 _a81.124'02(038):34
090 _a81.124'02(038):34
_bС61
100 _aСомов В. П.
245 _aПо-латыни между прочим
_bсловарь латинских выражений
_cВ. П. Сомов; рец. Н. П. Аверинцева
260 _aМ.
_bЮристь
_c1997
300 _a344 с.
_bІлюстрації
650 7 _2UDC
942 _cBK
_2udc
955 _a0
999 _c314513
_d314513